000 01229naa a22003497a 4500
001 BR9301985
003 BR-BrBNA
005 20240918181043.0
007 ta
008 230509b bl.||||| |||| 00| 0 por d
040 _aBR-BrBNA
_bpor
_cBiblioteca Nacional de Agricultura
041 _a(Pt)
072 _aF40; K10
090 _aF40 BR9301985
100 1 _aChaves, J.G.
100 1 _aFranken, W.K.
100 1 _aLeopoldo, P.R.
111 1 _a22. Congresso Brasileiro de Engenharia Agricola
_cIlheus, BA (Brazil)
_d19-23 Jul 1993
245 1 _aAlteracoes causadas a ecossistemas amazonicos, resultantes da remocao da cobertura natural
260 3 _aIlheus, BA (Brasil):
_c1993.
500 _a22. Congresso Brasileiro de Engenharia Agricola. Anais Ilheus, BA (Brasil): 1993. v. 2 p. 699-707 (BR9301985-AM)F40
650 _aEvapotranspiracao
650 _aCobertura Vegetal
650 _aEcossistema
650 _aFloresta Tropical
650 _aDesmatamento
650 _aBalanco Hidrico
650 _aAmazonia
773 0 _t22. Congresso Brasileiro de Engenharia Agricola. Anais
_wF40 BR9301985
_gIlheus, BA (Brasil), 1993. v. 2 p. 699-707
909 _a202404
_bLucia
_c55
_dLucia Elande
942 _cAM
_2AGRIS
999 _c323383
_d323383